000 00448nam a2200181Ia 4500
001 17195
005 20260306170407.0
008 260306t2019||||xx |||||||||||||| ||und||
041 _aESP
082 _a657.61
_bA11I
100 _aAbanto Bromley, Martha
_eAUT
245 0 _aNIIF 15:
_bimplicancias contables y tributarias
260 _c2019
300 _a317 páginas :
_c25 cm.
650 _aGEN
654 _aCCO
942 _cLIB
_dJUS
_fJUS
_2ddc
_n
999 _c17195
_d17195